<?xml version="1.0" encoding="UTF-8"?>
<record
    xmlns:xsi="http://www.w3.org/2001/XMLSchema-instance"
    xsi:schemaLocation="http://www.loc.gov/MARC21/slim http://www.loc.gov/standards/marcxml/schema/MARC21slim.xsd"
    xmlns="http://www.loc.gov/MARC21/slim">

  <leader>00867nam a2200241 a 4500</leader>
  <controlfield tag="001">BRCA_5566</controlfield>
  <controlfield tag="005">20190320205132.0</controlfield>
  <controlfield tag="008">180211s1948----enka######---#000-0#eng-#</controlfield>
  <datafield tag="041" ind1=" " ind2=" ">
    <subfield code="a">eng</subfield>
  </datafield>
  <datafield tag="044" ind1=" " ind2=" ">
    <subfield code="a">enk</subfield>
  </datafield>
  <datafield tag="050" ind1=" " ind2="4">
    <subfield code="a">NK2542</subfield>
    <subfield code="b">.Ch5 1948</subfield>
  </datafield>
  <datafield tag="245" ind1="1" ind2="0">
    <subfield code="a">Chippendale furniture design from the gentleman and cabinet-makers director 1762</subfield>
    <subfield code="c">with a preface and descriptive notes by  R. W. Symonds.</subfield>
  </datafield>
  <datafield tag="260" ind1=" " ind2=" ">
    <subfield code="a">Londres</subfield>
    <subfield code="b">A. Tiranti</subfield>
    <subfield code="c">1948</subfield>
  </datafield>
  <datafield tag="300" ind1=" " ind2=" ">
    <subfield code="a">24 p.</subfield>
    <subfield code="b">il., 80 l&#xE1;minas</subfield>
    <subfield code="c">25 cm.</subfield>
  </datafield>
  <datafield tag="500" ind1=" " ind2=" ">
    <subfield code="a">F41</subfield>
  </datafield>
  <datafield tag="510" ind1="4" ind2=" ">
    <subfield code="a">A gentleman a cabinet-maker&#xB4;s director: being a large collection of the most elegant and useful design of household  furniture.</subfield>
    <subfield code="b">1762</subfield>
    <subfield code="c">3a. ed.</subfield>
  </datafield>
  <datafield tag="650" ind1="1" ind2="4">
    <subfield code="a">Muebles Chippendale</subfield>
    <subfield code="9">14200</subfield>
  </datafield>
  <datafield tag="650" ind1="1" ind2="4">
    <subfield code="a">Muebles ingleses</subfield>
    <subfield code="9">9632</subfield>
  </datafield>
  <datafield tag="700" ind1="1" ind2=" ">
    <subfield code="a">Symonds, R. W.</subfield>
    <subfield code="e">Pref.</subfield>
    <subfield code="9">4493</subfield>
  </datafield>
  <datafield tag="700" ind1="1" ind2=" ">
    <subfield code="a">Chippendale, Thomas</subfield>
    <subfield code="9">14201</subfield>
  </datafield>
  <datafield tag="902" ind1=" " ind2=" ">
    <subfield code="a">GFM</subfield>
  </datafield>
  <datafield tag="942" ind1=" " ind2=" ">
    <subfield code="2">lcc</subfield>
    <subfield code="c">B</subfield>
  </datafield>
  <datafield tag="999" ind1=" " ind2=" ">
    <subfield code="c">5260</subfield>
    <subfield code="d">5260</subfield>
  </datafield>
  <datafield tag="952" ind1=" " ind2=" ">
    <subfield code="0">0</subfield>
    <subfield code="1">0</subfield>
    <subfield code="4">0</subfield>
    <subfield code="7">0</subfield>
    <subfield code="a">BRCA</subfield>
    <subfield code="b">BRCA</subfield>
    <subfield code="d">2011-02-11</subfield>
    <subfield code="i">F41</subfield>
    <subfield code="l">0</subfield>
    <subfield code="o">NK2542 .Ch5 1948 (F41)</subfield>
    <subfield code="p">6002</subfield>
    <subfield code="r">2019-03-22 00:00:00</subfield>
    <subfield code="w">2019-03-22</subfield>
    <subfield code="y">B</subfield>
  </datafield>
</record>
